Filosofía de la educación : las Conferencias de Cincinnati en 1959 sobre aspectos de la educación /
Đã lưu trong:
| Tác giả chính: | |
|---|---|
| Tác giả khác: | , , , |
| Định dạng: | Sách |
| Ngôn ngữ: | Tiếng Tây Ban Nha |
| Được phát hành: |
México :
UIA, Plantel Santa Fe, División de Estudios Disciplinares, Programa Lonergan,
1996, c1996
|
| Loạt: | (Obras de Bernard Lonergan)
|
| Các nhãn: |
Không có thẻ, Là người đầu tiên thẻ bản ghi này!
|
MARC
| LEADER | 00000nam^a2200000^a^4500 | ||
|---|---|---|---|
| 001 | 000597292 | ||
| 005 | 20251015000000.0 | ||
| 009 | 20260310133123.112 | ||
| 020 | |a 968-859-320-6 | ||
| 025 | |a Donación Juan Lafarga Corona, 1 ejemplar | ||
| 037 | |a Acervo Xavier Clavigero | ||
| 041 | |a ESP | ||
| 091 | |a FLC. 00156 | ||
| 100 | |a Lonergan, Bernard |e (autor) | ||
| 245 | 1 | 0 | |a Filosofía de la educación : |b las Conferencias de Cincinnati en 1959 sobre aspectos de la educación / |
| 246 | 2 | |a Título en la cubierta: Filosofía de la educación | |
| 264 | 4 | |a México : |b UIA, Plantel Santa Fe, División de Estudios Disciplinares, Programa Lonergan, |c 1996, c1996 | |
| 300 | |a 410 p. | ||
| 336 | |a texto |b txt |2 rdacontenido | ||
| 337 | |a sin mediación |b n |2 rdamedio | ||
| 338 | |a volumen |b nc |2 rdasoporte | ||
| 440 | 1 | |a (Obras de Bernard Lonergan) | |
| 500 | |a Traducción de: Topics in Education. The Cincinnati Lectures of 1959 on the Philosophy of Education | ||
| 500 | |a Basado en: Texto no publicado preparado por James Quinn y John Quinn | ||
| 561 | |a Ex libris de la Biblioteca Dr. Juan Lafarga Corona | ||
| 561 | |a Ex libris del INIDH Instituto Nacional de Investigación en Desarrollo Humano | ||
| 562 | |a Con páginas onduladas, debido a la humedad | ||
| 649 | |a XX | ||
| 700 | |a Doran, Robert M. |e (edición revisada y aumentada y prólogo) | ||
| 700 | |a Crowe, Frederick E. |e (edición revisada y aumentada) | ||
| 700 | |a Galán Vélez, Francisco Vicente |e (prefacio) | ||
| 700 | |a Bravo Gallardo, Armando J. |e (traducción) | ||
| 910 | |a Fondo Juan Lafarga Corona S.J. | ||
| 920 | |a Impresos - Libros | ||
| 930 | |a Fondos Especiales | ||
| 905 | |a 145 | ||
| 901 | |a 613518-10 |b IT2 |c ESL |i D |u 20250521 | ||
| 902 | |a https://opac.biblio.iteso.mx/vufind/Record/000597292 | ||